00970nam a2200205 a 450000100100000000500170001000800410002704000250006810000330009324501180012626000380024430000270028259000270030970000410033670000430037795201110042095201050053195201110063699900170074700004421820201002045226.0140610s2011 dr a 000 0 spa d aDO-SdBNPbspacBNPHU1 aBáez Salazar, Emely97222110aConversaciones con mi alma /cEmely Báez Salazar, Emil Enriquez Báez Salarar, José Enriquez Báez Ureña. aSanto Domingo :bImpretur,c2011. a98 p. :bil. ;c24 cm. aInventariado, 2018/ YL1 aBáez Salazar, Emil Enriquez9722221 aBáez Ureña, José Enriquez972223 0010718DSaGRbGRcCTd2018-08-20iLF1l0o p44218-30r2020-06-25te. 3w2020-06-25yLFDSZNo se presta 0010718PDaPDbPDcCTd2014-06-10iLF1l0o p44218-10r2020-06-25w2020-06-25yLFPDZNo se presta 0010718PDaPDbPDcCTd2018-08-20iLF1l0o p44218-20r2020-06-25te. 2w2020-06-25yLFPDZNo se presta c43707d43707